| 000 | 00000nas##2200000za#4500 |
| 001 | 9.500904 |
| 003 | CaOODSP |
| 005 | 20200325082612 |
| 007 | cr ||||||||||| |
| 008 | 150406c2000||||xxc|| m o||||f| |0fre|d |
| 040 | |aCaOODSP|bfre |
| 043 | |an-cn--- |
| 086 | 1 |aR34-9F-PDF |
| 110 | 1 |aCanada.|bAffaires indiennes et du Nord. |bRégion des Territoires du Nord-Ouest. |
| 245 | 10|aT.N.-O. simplement les faits territoire et autonomie gouvernementale |h[ressource électronique] |
| 246 | 1 |iTitre alternatif : |aT.N.-O. faits au point territoire et autonomie gouvernementale |
| 260 | |aYellowknife - Territoires du Nord-Ouest : |bAffaires indiennes et du Nord. |
| 775 | 08|tNWT plain facts on land and self-government |w(CaOODSP)9.504487 |